000 00664nam a22001817a 4500
003 UA-OsUOA
001 17246
007 ta
008 20040218b un ||||| |||| 00| 0 ukr d
100 _aКолобов В.
942 _cSA
040 _aUA-OsUOA
_cUA-OsUOA
_dUA-OsUOA
245 _aГолівудська усмішка від доктора Колобова
_b[Розмова із стоматологом Рівнен. стоматолог. клініки "РоДент" В.Колобовим]
300 _aС.19
955 _a0
773 0 _w0
_tСім днів
_dРівне
_d2004
_g№7/ 13 лют./
650 7 _aКраєзнавча робота
_2UDC
999 _c303414
_d303414